|
|
|
|
| LEADER |
00817nam a22002417a 4500 |
| 001 |
AAL4750 |
| 003 |
BD-DhAAL |
| 005 |
20160120193101.0 |
| 008 |
160120s 2002ii a|||| |||| 00| 0 eng d |
| 020 |
|
|
|a 8175541644
|
| 040 |
|
|
|a BD-DhAAL
|c BD-DhAAL
|
| 082 |
|
|
|a 153.9/4
|
| 100 |
|
|
|a Barrett, Jim
|9 17474
|
| 245 |
|
|
|a Test your own aptitude /
|c Jim Barrett and Geoff Willams
|
| 260 |
|
|
|a New Delhi :
|b Kogan Page,
|c 2002
|
| 300 |
|
|
|a 213 p. :
|b ill. ;
|c 22 cm.
|
| 541 |
|
|
|e 4750
|
| 650 |
|
|
|a Vocational interests
|x Testing.
|9 17475
|
| 650 |
|
|
|a Ability
|x Testing.
|9 17476
|
| 700 |
|
|
|a Willams, Geoff
|9 17477
|
| 942 |
|
|
|2 ddc
|c BK
|
| 999 |
|
|
|c 36651
|d 36651
|
| 952 |
|
|
|0 0
|1 0
|2 ddc
|4 0
|6 153_900000000000000_4_BAR
|7 0
|9 57657
|a SCL
|b SCL
|c GEN
|d 2016-01-20
|g 230.00
|l 3
|m 10
|o 153.94 BAR
|p 3020004750
|r 2022-12-20
|s 2022-12-04
|t 1
|w 2016-01-20
|y BK
|